|
|
|
|
| LEADER |
00000nmm0a2200000 4500 |
| 001 |
176532 |
| 005 |
20231101223301.0 |
| 010 |
|
|
|a 9785498073842
|
| 035 |
|
|
|a (RuTPU)RU\TPU\book\191378
|
| 090 |
|
|
|a 176532
|
| 100 |
|
|
|a 20100301d2010 km y0rusy50 ca
|
| 101 |
0 |
|
|a rus
|
| 102 |
|
|
|a RU
|
| 105 |
|
|
|a a z 000zy
|
| 200 |
1 |
|
|a ArCon. Дизайн интерьеров и архитектурное моделирование
|f М. И. Кидрук
|
| 210 |
|
|
|a СПб.
|c Питер
|d 2010
|
| 215 |
|
|
|a 300 с.
|c ил.
|e CD-ROM
|
| 330 |
|
|
|a В книге рассказывается об известной немецкой разработке — приложении АгСоn, предназначенном для быстрого моделирования жилых зданий и оформления их интерьера и экстерьера. Программа достаточно проста в использовании, не требует практически никаких навыков трехмерного моделирования, однако позволяет создавать дизайнерские проекты, которые почти ничем не уступают разработанным в 3 ds Max или Maya. Книга содержит подробное описание функционала последней версии программы АгСоn, множество примеров, полное описание библиотеки стандартных элементов, которые используются при проектировании в АгСоn. Но главное преимущество издания — прилагаемый компакт-диск, на котором вы найдете видеокурс, демонстрирующий различные этапы работы с программой. Книга предназначена для архитекторов и дизайнеров, а также для обычных пользователей, которые хотят быстро выполнять проекты различной сложности в сравнительно простом и недорогом графическом редакторе.
|
| 606 |
1 |
|
|a Компьютерная графика
|2 stltpush
|3 (RuTPU)RU\TPU\subj\15166
|9 41434
|
| 610 |
1 |
|
|a ArCon
|
| 610 |
1 |
|
|a жилые здания
|
| 610 |
1 |
|
|a трехмерное моделирование
|
| 610 |
1 |
|
|a интерьер
|
| 610 |
1 |
|
|a экстерьер
|
| 610 |
1 |
|
|a оформление
|
| 610 |
1 |
|
|a программы
|
| 610 |
1 |
|
|a дизайн
|
| 610 |
1 |
|
|a CD-ROM
|
| 675 |
|
|
|a 681.327.1
|v 3
|
| 700 |
|
1 |
|a Кидрук
|b М. И.
|g Максим Иванович
|
| 801 |
|
1 |
|a RU
|b 63413507
|c 20100301
|
| 801 |
|
2 |
|a RU
|b 63413507
|c 20221208
|g RCR
|
| 942 |
|
|
|c MX
|
| 959 |
|
|
|a 9/20100301
|d 1
|e 215,00
|f ЧЗКДП:1
|